000 00415nam a2200157 i 4500
001 146431
003 ES-MaACL
005 20230906201530.0
007 t|
008 070910s1967 sp ||||1| gao d
100 1 _aTovar Bobillo, Antonio.
_9111176
245 1 0 _aNon /
_cAntonio Tovar Bobillo.
260 _a[Vigo :
_bFaro de Vigo,
_c1967]
300 _a110 p. ;
_c21 cm.
852 _aES-MaACL
_jC-33988
_bR.64370
999 _c146431
_d146431